[Event "23. Open de Moratalaz 2010"]
[Site "Madrid ESP"]
[Date "2010.09.20"]
[Round "5.6"]
[White "Gomez Garrido, Camilo"]
[Black "Pascual Palomo, Lucia"]
[Result "1-0"]
[WhiteElo "2514"]
[BlackElo "2126"]
[PlyCount "89"]
[EventDate "2010.09.16"]
[EventType "swiss"]
[EventRounds "9"]
[EventCountry "ESP"]
[Source "lmi"]
[SourceDate "2010.09.16"]

1. e4 e6 2. d4 d5 3. Nd2 c5 4. Ngf3 cxd4 5. exd5 Qxd5 6. Bc4 Qd6 7. Qe2 Nf6 8.
Nb3 Nc6 9. Bg5 Be7 10. O-O-O a6 11. Nbxd4 Nxd4 12. Rxd4 Qc7 13. Bb3 b5 14. Ne5
O-O 15. Rhd1 a5 16. a4 bxa4 17. Rxa4 Nd5 18. Bxe7 Qxe7 19. Nc6 Qc7 20. Bxd5
exd5 21. Ne7+ Kh8 22. Rh4 h6 23. Nxd5 Qc6 24. Qe5 Rd8 25. Qc7 Qe8 26. Rhd4 Rd7
27. Qc5 Qe5 28. f4 Qh5 29. Qf8+ Kh7 30. Nf6+ gxf6 31. Rxd7 Bxd7 32. Qxa8 Bg4
33. Rd8 Qb5 34. Rh8+ Kg6 35. Qg8+ Kf5 36. Qc8+ Kxf4 37. Qb8+ Qe5 38. Qxe5+ fxe5
39. Kd2 e4 40. Rxh6 e3+ 41. Ke1 Bf5 42. Rf6 Kg5 43. Rxf7 Bxc2 44. Rf3 Be4 45.
Rxe3 1-0

[Event "23. Open de Moratalaz 2010"]
[Site "Madrid ESP"]
[Date "2010.09.20"]
[Round "5.7"]
[White "Arribas Lopez, Angel"]
[Black "Martin Duque, Jesus"]
[Result "1-0"]
[WhiteElo "2454"]
[BlackElo "2073"]
[PlyCount "93"]
[EventDate "2010.09.16"]
[EventType "swiss"]
[EventRounds "9"]
[EventCountry "ESP"]
[Source "lmi"]
[SourceDate "2010.09.16"]

1. e4 e6 2. d4 d5 3. Nc3 Bb4 4. exd5 exd5 5. Bd3 c6 6. Qf3 Nf6 7. h3 Na6 8.
Nge2 Nc7 9. O-O Ne6 10. Be3 O-O 11. Ng3 c5 12. Nce2 c4 13. Bf5 g6 14. Bxe6 fxe6
15. Bg5 Be7 16. Nf4 Qb6 17. Qe2 Bd7 18. Rfe1 Rae8 19. Bh6 Rf7 20. c3 Bd6 21.
Qc2 e5 22. dxe5 Rxe5 23. Rxe5 Bxe5 24. Re1 Qd6 25. Nfe2 Re7 26. Be3 Qa6 27. Qd2
Bc6 28. Bg5 Rf7 29. Nf4 Bxf4 30. Bxf4 Qxa2 31. Bg5 Qa5 32. Qd4 Ne4 33. Nxe4
dxe4 34. Bh6 Qb6 35. Qd6 Qc7 36. Qe6 Qd7 37. Qxc4 Qf5 38. Qd4 Rd7 39. Qxa7 Qf6
40. Qa2+ Bd5 41. Qa4 Bc6 42. Qc4+ Qf7 43. Qc5 Rd5 44. Qa7 g5 45. Qb8+ Be8 46.
Rxe4 Rd1+ 47. Kh2 1-0

[Event "23. Open de Moratalaz 2010"]
[Site "Madrid ESP"]
[Date "2010.09.20"]
[Round "5.8"]
[White "Gomez Ledo, Roberto Carlos"]
[Black "Fayos Mestre, Jose Maria"]
[Result "1-0"]
[WhiteElo "2454"]
[BlackElo "2046"]
[PlyCount "66"]
[EventDate "2010.09.16"]
[EventType "swiss"]
[EventRounds "9"]
[EventCountry "ESP"]
[Source "lmi"]
[SourceDate "2010.09.16"]

1. d4 Nf6 2. c4 g6 3. g3 d5 4. Bg2 Bg7 5. Nf3 O-O 6. cxd5 Nxd5 7. O-O Nc6 8. e3
Re8 9. Re1 Nb6 10. Nc3 h6 11. d5 Na5 12. Nd4 e5 13. dxe6 Bxe6 14. Nxe6 Rxe6 15.
Qc2 c6 16. Rb1 Nac4 17. f4 Qe7 18. e4 Rd8 19. e5 f6 20. b3 Na3 21. Bxa3 Qxa3
22. Bh3 Qc5+ 23. Kh1 Ree8 24. exf6 Nd5 25. Qxg6 Nxf6 26. Ne4 Rxe4 27. Rxe4 Rd2
28. Be6+ Kh8 29. Bf5 Qd5 30. Rbe1 Rd4 31. Kg1 Rxe4 32. Rxe4 Qc5+ 33. Kg2 Kg8
1-0

[Event "23. Open de Moratalaz 2010"]
[Site "Madrid ESP"]
[Date "2010.09.20"]
[Round "5.9"]
[White "Barez Menendez, Hector"]
[Black "Perez Gonzalez, Jose Manuel"]
[Result "1/2-1/2"]
[WhiteElo "2129"]
[BlackElo "2318"]
[PlyCount "50"]
[EventDate "2010.09.16"]
[EventType "swiss"]
[EventRounds "9"]
[EventCountry "ESP"]
[Source "lmi"]
[SourceDate "2010.09.16"]

1. Nf3 Nf6 2. c4 g6 3. g3 Bg7 4. Bg2 O-O 5. O-O d6 6. d4 Nbd7 7. Nc3 e5 8. e4
exd4 9. Nxd4 Re8 10. h3 a6 11. Be3 Rb8 12. b3 Ne5 13. f4 Ned7 14. Bf2 c5 15.
Nde2 b5 16. Qxd6 b4 17. e5 bxc3 18. exf6 Bxf6 19. Rae1 Bb7 20. Nc1 Bxg2 21.
Kxg2 Rb6 22. Qd5 Be7 23. Qf3 Bf6 24. Qd5 Be7 25. Qf3 Bf6 1/2-1/2

[Event "23. Open de Moratalaz 2010"]
[Site "Madrid ESP"]
[Date "2010.09.20"]
[Round "5.10"]
[White "Longa Yauca, Javier"]
[Black "Dominguez Lorenzo, Pablo Socrates"]
[Result "1-0"]
[WhiteElo "2313"]
[BlackElo "1965"]
[PlyCount "79"]
[EventDate "2010.09.16"]
[EventType "swiss"]
[EventRounds "9"]
[EventCountry "ESP"]
[Source "lmi"]
[SourceDate "2010.09.16"]

1. d4 d5 2. c4 c6 3. Nf3 Nf6 4. e3 g6 5. Nc3 Bg7 6. Qb3 O-O 7. Be2 Ne4 8. cxd5
Nxc3 9. bxc3 cxd5 10. O-O Nc6 11. Ba3 h6 12. c4 dxc4 13. Qxc4 Be6 14. Qb5 Bd5
15. Bc4 Bxc4 16. Qxc4 Qa5 17. Qb3 Rac8 18. Rac1 Rfd8 19. h4 e6 20. Qxb7 Qxa3
21. Rxc6 Rxc6 22. Qxc6 Qxa2 23. Qc7 Rd5 24. e4 Qa5 25. Qc6 Rd8 26. Rb1 Bxd4 27.
Nxd4 Rxd4 28. Qe8+ Kg7 29. Rb8 Rd1+ 30. Kh2 Qc7+ 31. g3 Kf6 32. Qh8+ Ke7 33.
Re8+ Kd7 34. Qf8 Qb6 35. Re7+ Kc6 36. Qxf7 Qd4 37. Qxe6+ Kc5 38. Rc7+ Kb4 39.
Rb7+ Kc3 40. Qc8+ 1-0

[Event "23. Open de Moratalaz 2010"]
[Site "Madrid ESP"]
[Date "2010.09.21"]
[Round "6.1"]
[White "Roa Alonso, Santiago"]
[Black "Moreno Ruiz, Javier"]
[Result "0-1"]
[WhiteElo "2454"]
[BlackElo "2491"]
[PlyCount "78"]
[EventDate "2010.09.16"]
[EventType "swiss"]
[EventRounds "9"]
[EventCountry "ESP"]
[Source "lmi"]
[SourceDate "2010.09.16"]

1. e4 d6 2. d4 Nf6 3. Nc3 e5 4. Nf3 Nbd7 5. Bc4 Be7 6. O-O O-O 7. a4 c6 8. a5
Rb8 9. d5 b5 10. axb6 Nxb6 11. Bb3 cxd5 12. Nxd5 Nfxd5 13. Bxd5 Nxd5 14. Qxd5
Be6 15. Qd3 Qc7 16. b3 f5 17. Be3 a5 18. Bd2 Qc6 19. Ng5 fxe4 20. Qxe4 Qxe4 21.
Nxe4 Bf5 22. Rfe1 Rfc8 23. Ra2 d5 24. Ng3 Bxc2 25. Rxa5 Bxb3 26. Nf5 Bf6 27.
Ra7 Rc2 28. Bg5 d4 29. Bxf6 gxf6 30. Rd7 Be6 31. Nh6+ Kh8 32. Rd6 Bc4 33. Ng4
d3 34. Ne3 d2 35. Rd1 Be2 36. Nxc2 Bxd1 37. Na3 Bb3 38. Rxd2 Ra8 39. Nb1 Ra1
0-1

[Event "23. Open de Moratalaz 2010"]
[Site "Madrid ESP"]
[Date "2010.09.21"]
[Round "6.2"]
[White "Almagro Llamas, Pablo"]
[Black "Guerra Mendez, Jose Angel"]
[Result "1/2-1/2"]
[WhiteElo "2451"]
[BlackElo "2448"]
[PlyCount "87"]
[EventDate "2010.09.16"]
[EventType "swiss"]
[EventRounds "9"]
[EventCountry "ESP"]
[Source "lmi"]
[SourceDate "2010.09.16"]

1. c4 e5 2. g3 Nc6 3. Bg2 Bc5 4. Nc3 d6 5. d3 Nf6 6. a3 a6 7. e3 Ba7 8. Nge2
O-O 9. O-O Ne7 10. b4 Ng6 11. d4 c6 12. b5 axb5 13. cxb5 d5 14. a4 Re8 15. Bb2
Bf5 16. a5 exd4 17. Nxd4 Bxd4 18. Qxd4 Rxa5 19. Rxa5 Qxa5 20. Ra1 Qc7 21. Ra7
Be6 22. b6 Qb8 23. Na4 Bc8 24. Nc5 Nf8 25. Qf4 Qxf4 26. gxf4 N8d7 27. Nxb7 Nxb6
28. Nd6 Rd8 29. Nxf7 Rd7 30. Rxd7 Nfxd7 31. Nd6 g6 32. Bf1 Kf8 33. Ba3 Kg7 34.
f5 Kf6 35. fxg6 hxg6 36. Bh3 Ba6 37. Ne8+ Kf7 38. Nc7 Bd3 39. Ne6 Ne5 40. f4
Nec4 41. Bc5 Na4 42. Bd4 Ke7 43. Nc5 Nxc5 44. Bxc5+ 1/2-1/2

[Event "23. Open de Moratalaz 2010"]
[Site "Madrid ESP"]
[Date "2010.09.21"]
[Round "6.3"]
[White "Gomez Garrido, Camilo"]
[Black "Garrido Dominguez, Jesus"]
[Result "1-0"]
[WhiteElo "2514"]
[BlackElo "2410"]
[PlyCount "39"]
[EventDate "2010.09.16"]
[EventType "swiss"]
[EventRounds "9"]
[EventCountry "ESP"]
[Source "lmi"]
[SourceDate "2010.09.16"]

1. e4 d6 2. d4 Nf6 3. Nc3 e5 4. Nf3 Nbd7 5. Bc4 Be7 6. O-O O-O 7. a4 c6 8. Ba2
b6 9. Qe2 Qc7 10. Rd1 exd4 11. Nxd4 Re8 12. Bf4 Ne5 13. h3 Bf8 14. Bg5 Nfd7 15.
f4 Ng6 16. Bxf7+ Kxf7 17. Qc4+ d5 18. Nxd5 Nde5 19. fxe5 Nxe5 20. Qf1+ 1-0

[Event "23. Open de Moratalaz 2010"]
[Site "Madrid ESP"]
[Date "2010.09.21"]
[Round "6.4"]
[White "Ramirez, Jorge Alberto"]
[Black "Arribas Lopez, Angel"]
[Result "1-0"]
[WhiteElo "2246"]
[BlackElo "2454"]
[PlyCount "49"]
[EventDate "2010.09.16"]
[EventType "swiss"]
[EventRounds "9"]
[EventCountry "ESP"]
[Source "lmi"]
[SourceDate "2010.09.16"]

1. e4 c5 2. c3 Nf6 3. e5 Nd5 4. Nf3 e6 5. d4 cxd4 6. cxd4 d6 7. Bc4 Nb6 8. Bb3
Bd7 9. Nc3 Bc6 10. O-O N8d7 11. exd6 Bxd6 12. d5 exd5 13. Re1+ Kf8 14. Nxd5 h6
15. Bf4 Bxf4 16. Nxf4 Nc5 17. Ne5 Be8 18. Qf3 Qf6 19. Ng4 Qc6 20. Qe3 Nxb3 21.
axb3 Kg8 22. Rac1 Qb5 23. Qg3 Kh7 24. Re5 Qb4 25. Nf6+ 1-0

[Event "23. Open de Moratalaz 2010"]
[Site "Madrid ESP"]
[Date "2010.09.21"]
[Round "6.5"]
[White "Gomez Ledo, Roberto Carlos"]
[Black "Ortega Ruiz, Jose Miguel"]
[Result "1/2-1/2"]
[WhiteElo "2453"]
[BlackElo "2278"]
[PlyCount "40"]
[EventDate "2010.09.16"]
[EventType "swiss"]
[EventRounds "9"]
[EventCountry "ESP"]
[Source "lmi"]
[SourceDate "2010.09.16"]

1. d4 d5 2. c4 c6 3. e3 Nf6 4. Nf3 e6 5. b3 Nbd7 6. Bd3 Bd6 7. Bb2 b6 8. Nbd2
Bb7 9. O-O O-O 10. Ne5 Rc8 11. f4 c5 12. cxd5 exd5 13. Qf3 Rc7 14. Nxd7 Rxd7
15. dxc5 Bxc5 16. Kh1 d4 17. e4 Re7 18. a3 a5 19. Rae1 Qa8 20. Re2 Rfe8 1/2-1/2

[Event "23. Open de Moratalaz 2010"]
[Site "Madrid ESP"]
[Date "2010.09.21"]
[Round "6.6"]
[White "Hernando Pertierra, Jose Carlos"]
[Black "Suarez Uriel, Adrian"]
[Result "0-1"]
[WhiteElo "2386"]
[BlackElo "2180"]
[PlyCount "106"]
[EventDate "2010.09.16"]
[EventType "swiss"]
[EventRounds "9"]
[EventCountry "ESP"]
[Source "lmi"]
[SourceDate "2010.09.16"]

1. Nf3 g6 2. d4 Bg7 3. g3 Nf6 4. Bg2 d5 5. c4 c6 6. cxd5 cxd5 7. O-O Nc6 8. Nc3
Ne4 9. Ng5 Nxc3 10. bxc3 O-O 11. e4 dxe4 12. Nxe4 Qa5 13. Qb3 Be6 14. Qa3 Bd5
15. Qxa5 Nxa5 16. Rb1 b6 17. Re1 Bxa2 18. Ra1 Bd5 19. Ba3 Rfe8 20. Bb4 Nc6 21.
Nf6+ Bxf6 22. Bxd5 Nxb4 23. cxb4 Rad8 24. Bc6 Rf8 25. b5 Rxd4 26. Rxa7 Rd2 27.
Rexe7 Bxe7 28. Rxe7 Rb8 29. h4 Kf8 30. Ra7 Re2 31. Kf1 Re7 32. Ra6 Rc7 33. Kg2
Ke7 34. Kf3 Kd6 35. Kf4 f6 36. Ra2 Rxc6 37. bxc6 Kxc6 38. h5 b5 39. Ra7 Rb7 40.
Ra6+ Kd5 41. hxg6 hxg6 42. Rxf6 b4 43. Ra6 b3 44. Ra1 b2 45. Rb1 Ke6 46. Kg5
Kf7 47. f4 Rb5+ 48. Kh4 Kf6 49. g4 Rb3 50. g5+ Kf5 51. Re1 b1=Q 52. Re5+ Kxf4
53. Re4+ Kxe4 0-1

[Event "23. Open de Moratalaz 2010"]
[Site "Madrid ESP"]
[Date "2010.09.21"]
[Round "6.7"]
[White "Rubio Mejia, Luis"]
[Black "Castaño Vargas, Henry Augusto"]
[Result "1-0"]
[WhiteElo "2373"]
[BlackElo "2205"]
[PlyCount "61"]
[EventDate "2010.09.16"]
[EventType "swiss"]
[EventRounds "9"]
[EventCountry "ESP"]
[Source "lmi"]
[SourceDate "2010.09.16"]

1. d4 Nf6 2. c4 e6 3. Nc3 Bb4 4. e3 Ne4 5. Qc2 f5 6. Bd3 O-O 7. Nge2 b6 8. O-O
Bxc3 9. Nxc3 Nxc3 10. Qxc3 Bb7 11. f3 d6 12. b4 a5 13. a3 axb4 14. axb4 Rxa1
15. Qxa1 Nd7 16. Qc3 Qe7 17. Bb2 e5 18. Bc2 e4 19. d5 b5 20. fxe4 fxe4 21.
Rxf8+ Kxf8 22. Bb3 bxc4 23. Qxc4 Nb6 24. Qd4 Kg8 25. h3 h6 26. b5 Kf8 27. Bc3
Kg8 28. Ba5 Nd7 29. Bxc7 Nc5 30. Qxc5 dxc5 31. d6+ 1-0

[Event "23. Open de Moratalaz 2010"]
[Site "Madrid ESP"]
[Date "2010.09.21"]
[Round "6.8"]
[White "Sanchez-Alarcos Galian, Victor"]
[Black "Elissalt Cardenas, Hector"]
[Result "1/2-1/2"]
[WhiteElo "2178"]
[BlackElo "2357"]
[PlyCount "143"]
[EventDate "2010.09.16"]
[EventType "swiss"]
[EventRounds "9"]
[EventCountry "ESP"]
[Source "lmi"]
[SourceDate "2010.09.16"]

1. d4 e6 2. c4 f5 3. g3 Nf6 4. Bg2 Be7 5. Nf3 d6 6. Nc3 O-O 7. O-O Na6 8. Re1
c5 9. e4 Nxe4 10. Nxe4 fxe4 11. Rxe4 Qb6 12. d5 e5 13. Qb3 Qxb3 14. axb3 Bf5
15. Re2 Bg4 16. Re3 Nb4 17. Rc3 Bf5 18. Ne1 a6 19. Re3 Bg5 20. Re2 Bxc1 21.
Rxc1 a5 22. Be4 Bxe4 23. Rxe4 a4 24. bxa4 Rxa4 25. Re2 Ra2 26. Kg2 b5 27. cxb5
Rb8 28. Rd2 Rxb5 29. Rc4 Na6 30. Rcc2 Nc7 31. Nf3 Rb4 32. Nxe5 dxe5 33. Rxc5
Ne8 34. d6 Nxd6 35. Rxd6 Rbxb2 36. Rc8+ Kf7 37. Rc7+ Ke8 38. Re6+ Kf8 39. Rxe5
Rxf2+ 40. Kh3 Rxh2+ 41. Kg4 Ra4+ 42. Kf3 Ra3+ 43. Re3 Rxe3+ 44. Kxe3 h6 45. Kf3
Ra2 46. Rb7 Ra4 47. Rc7 Kg8 48. Rb7 Kh7 49. Rb6 h5 50. Rc6 Rg4 51. Rb6 Rg6 52.
Rb5 Kh6 53. Rc5 Ra6 54. Rb5 Ra3+ 55. Kg2 Ra6 56. Kf3 g5 57. Rc5 Kg6 58. Rb5 Kf6
59. Rc5 Ra3+ 60. Kg2 Re3 61. Kf2 Re5 62. Rc4 Kf5 63. g4+ hxg4 64. Rc2 Ra5 65.
Kg2 Ra4 66. Rb2 Ra3 67. Rc2 Kg6 68. Rc8 Rd3 69. Ra8 g3 70. Ra4 Kh5 71. Rb4 g4
72. Rb8 1/2-1/2

[Event "23. Open de Moratalaz 2010"]
[Site "Madrid ESP"]
[Date "2010.09.21"]
[Round "6.9"]
[White "Unciti Juan, Javier"]
[Black "Longa Yauca, Javier"]
[Result "1/2-1/2"]
[WhiteElo "2159"]
[BlackElo "2313"]
[PlyCount "103"]
[EventDate "2010.09.16"]
[EventType "swiss"]
[EventRounds "9"]
[EventCountry "ESP"]
[Source "lmi"]
[SourceDate "2010.09.16"]

1. d4 Nf6 2. Nf3 d5 3. c4 e6 4. Nc3 c6 5. cxd5 exd5 6. Qc2 Bd6 7. Bg5 Be6 8. e3
Nbd7 9. Bd3 h6 10. Bh4 O-O 11. O-O Re8 12. Rac1 Rc8 13. e4 dxe4 14. Nxe4 Be7
15. Bxf6 Nxf6 16. Nc5 Bd5 17. Bf5 Bxf3 18. Bxc8 Qxc8 19. gxf3 Qh3 20. Qb3 Nh5
21. f4 Qg4+ 22. Kh1 Bxc5 23. Rxc5 Re2 24. Rg1 Qh4 25. Rc2 Nxf4 26. Rxe2 Nxe2
27. Rg2 Qxd4 28. h3 Nf4 29. Qxb7 Nxg2 30. Qc8+ Kh7 31. Qf5+ g6 32. Qxf7+ Qg7
33. Qxg7+ Kxg7 34. Kxg2 Kf6 35. Kf3 Kf5 36. b4 Ke5 37. Ke3 g5 38. a3 h5 39. a4
a6 40. f3 Kf5 41. Kd4 Kf4 42. Kc5 Kxf3 43. Kxc6 g4 44. hxg4 hxg4 45. b5 axb5
46. axb5 g3 47. b6 g2 48. b7 g1=Q 49. b8=Q Qc1+ 50. Kb7 Qb2+ 51. Kc8 Qxb8+ 52.
Kxb8 1/2-1/2

[Event "23. Open de Moratalaz 2010"]
[Site "Madrid ESP"]
[Date "2010.09.21"]
[Round "6.10"]
[White "Santos, Jose Alves"]
[Black "Bote Kobolo, Benjamin"]
[Result "1-0"]
[WhiteElo "2291"]
[BlackElo "1969"]
[PlyCount "87"]
[EventDate "2010.09.16"]
[EventType "swiss"]
[EventRounds "9"]
[EventCountry "ESP"]
[Source "lmi"]
[SourceDate "2010.09.16"]

1. e4 Nc6 2. Nf3 d6 3. d4 Bg4 4. d5 Nb8 5. Be2 Nf6 6. Nd4 Bd7 7. f3 c5 8. Nb3
b5 9. c4 b4 10. O-O g6 11. e5 dxe5 12. Be3 Bg7 13. Nxc5 O-O 14. Nd2 Bf5 15. a3
bxa3 16. Rxa3 Qc7 17. b4 Rd8 18. f4 exf4 19. Bxf4 Qb6 20. Be3 Qc7 21. Bf3 Qc8
22. h3 Bxh3 23. gxh3 Qxh3 24. Bg2 Qg3 25. Qf3 Qe5 26. Nd3 Qd6 27. Bf4 Qb6+ 28.
c5 Qb5 29. Ra5 Qe8 30. c6 Rc8 31. Re1 Nh5 32. Be5 Bh6 33. Ne4 f5 34. Nec5 Qf7
35. c7 g5 36. d6 Nd7 37. Nxd7 exd6 38. Bxd6 Qxd7 39. Qd5+ Qf7 40. Re7 Qxd5 41.
Bxd5+ Kh8 42. Bxa8 Rxa8 43. Rxa7 Rc8 44. Rb7 1-0

[Event "23. Open de Moratalaz 2010"]
[Site "Madrid ESP"]
[Date "2010.09.22"]
[Round "7.1"]
[White "Moreno Ruiz, Javier"]
[Black "Almagro Llamas, Pablo"]
[Result "0-1"]
[WhiteElo "2451"]
[BlackElo "2491"]
[PlyCount "116"]
[EventDate "2010.09.16"]
[EventType "swiss"]
[EventRounds "9"]
[EventCountry "ESP"]
[Source "lmi"]
[SourceDate "2010.09.16"]

1. d4 Nf6 2. c4 e6 3. Nc3 Bb4 4. e3 c5 5. Nge2 cxd4 6. exd4 d5 7. a3 Be7 8. Nf4
dxc4 9. Bxc4 O-O 10. O-O Nc6 11. d5 exd5 12. Nfxd5 Nxd5 13. Nxd5 Bf6 14. Qh5
Ne5 15. Ba2 Be6 16. Nxf6+ Qxf6 17. Bg5 Qf5 18. Bb1 Nd3 19. Qh4 Qg6 20. a4 Bf5
21. Ra3 h6 22. Be7 Rfe8 23. Bxd3 Bxd3 24. Re1 Rac8 25. h3 Rc4 26. Qg3 Qxg3 27.
fxg3 Be4 28. Bd6 Rc2 29. Rf3 Re6 30. Rf2 Rxd6 31. Rxe4 Rd1+ 32. Rf1 Rdd2 33.
Re8+ Kh7 34. Rxf7 Rxg2+ 35. Kf1 Rh2 36. Kg1 Rcg2+ 37. Kf1 Rxb2 38. Kg1 Rbg2+
39. Kf1 Ra2 40. Kg1 Rhg2+ 41. Kf1 Rh2 42. Kg1 Rhb2 43. Ree7 Rb1+ 44. Rf1 Rb3
45. Rff7 Rxg3+ 46. Kf1 Rxa4 47. Kf2 Rg5 48. Rxb7 Ra2+ 49. Kf3 Ra3+ 50. Kf2 Rxh3
51. Rxa7 Rb3 52. Rfc7 Rbb5 53. Ra8 Rbc5 54. Rd7 Rcf5+ 55. Ke2 h5 56. Rdd8 Rf6
57. Rh8+ Kg6 58. Rae8 Rgf5 0-1

[Event "23. Open de Moratalaz 2010"]
[Site "Madrid ESP"]
[Date "2010.09.22"]
[Round "7.2"]
[White "Santos, Jose Alves"]
[Black "Gomez Garrido, Camilo"]
[Result "0-1"]
[WhiteElo "2291"]
[BlackElo "2514"]
[PlyCount "92"]
[EventDate "2010.09.16"]
[EventType "swiss"]
[EventRounds "9"]
[EventCountry "ESP"]
[Source "lmi"]
[SourceDate "2010.09.16"]

1. e4 c5 2. c3 Nf6 3. e5 Nd5 4. d4 cxd4 5. cxd4 e6 6. Bc4 d6 7. Nf3 Nc6 8. O-O
Be7 9. Nbd2 Nb6 10. Bb3 O-O 11. Qe2 Qc7 12. a4 Rd8 13. a5 Nd7 14. d5 exd5 15.
e6 fxe6 16. Qxe6+ Kh8 17. Qxd5 Nc5 18. Re1 Rf8 19. Bd1 Bf5 20. Re3 Rac8 21. Nf1
Qd7 22. Bd2 Be6 23. Qh5 Bf7 24. Qh3 Qxh3 25. gxh3 Bf6 26. Bc3 Bxc3 27. Rxc3 Ne4
28. Re3 d5 29. Ng3 Nd6 30. Ng5 Nc4 31. Rd3 Bg8 32. Bg4 Rce8 33. a6 N6e5 34. Rb3
b6 35. Nf3 Nxf3+ 36. Rxf3 Rxf3 37. Bxf3 Nxb2 38. Rc1 Nc4 39. Rd1 b5 40. Nf5 b4
41. Rb1 Nd2 42. Rxb4 Nxf3+ 43. Kg2 Rf8 44. Ne7 d4 45. Nc6 d3 46. Nxa7 d2 0-1

[Event "23. Open de Moratalaz 2010"]
[Site "Madrid ESP"]
[Date "2010.09.22"]
[Round "7.3"]
[White "Guerra Mendez, Jose Angel"]
[Black "Ramirez, Jorge Alberto"]
[Result "1-0"]
[WhiteElo "2448"]
[BlackElo "2246"]
[PlyCount "51"]
[EventDate "2010.09.16"]
[EventType "swiss"]
[EventRounds "9"]
[EventCountry "ESP"]
[Source "lmi"]
[SourceDate "2010.09.16"]

1. e4 e6 2. d4 d5 3. Nc3 Nf6 4. e5 Nfd7 5. f4 c5 6. Nf3 Nc6 7. Be3 Be7 8. Be2
O-O 9. O-O a6 10. Qd2 b5 11. a3 Qb6 12. Nd1 a5 13. c3 a4 14. Bd3 Na5 15. Qe2
Nc4 16. Bf2 cxd4 17. Bxd4 Nc5 18. Ng5 h6 19. Nh7 Rd8 20. Rf3 Bb7 21. Rg3 Kh8
22. Qh5 Rg8 23. Qxf7 Qd8 24. Nf6 Nxd3 25. Qg6 Bxf6 26. exf6 1-0

[Event "23. Open de Moratalaz 2010"]
[Site "Madrid ESP"]
[Date "2010.09.22"]
[Round "7.4"]
[White "Suarez Uriel, Adrian"]
[Black "Rubio Mejia, Luis"]
[Result "0-1"]
[WhiteElo "2180"]
[BlackElo "2373"]
[PlyCount "94"]
[EventDate "2010.09.16"]
[EventType "swiss"]
[EventRounds "9"]
[EventCountry "ESP"]
[Source "lmi"]
[SourceDate "2010.09.16"]

1. e4 c5 2. Ne2 d6 3. g3 d5 4. Bg2 dxe4 5. Nbc3 Nf6 6. Nxe4 Nxe4 7. Bxe4 Nc6 8.
d3 Bg4 9. h3 Bd7 10. Be3 e5 11. Qd2 Bd6 12. O-O-O O-O 13. f4 Nd4 14. c3 Qc7 15.
Kb1 Nxe2 16. Qxe2 exf4 17. gxf4 f5 18. Bd5+ Kh8 19. Rhg1 Rae8 20. Qf2 Be6 21.
Bxe6 Rxe6 22. d4 b6 23. dxc5 Bxc5 24. Bxc5 bxc5 25. Rd5 Re4 26. Rf1 c4 27. Rfd1
h6 28. Rd6 Rfe8 29. Qg3 Qc5 30. Rg6 R4e7 31. a3 Re2 32. Rg1 Qxg1+ 33. Qxg1 Re1+
34. Qxe1 Rxe1+ 35. Ka2 Re4 36. Ra6 Rxf4 37. Rxa7 Re4 38. a4 f4 39. a5 Re5 40.
a6 Kg8 41. Ra8+ Kf7 42. a7 Ra5+ 43. Kb1 f3 44. Rd8 Rxa7 45. Rd4 Ra6 46. Kc2 f2
47. Rd1 Re6 0-1

[Event "23. Open de Moratalaz 2010"]
[Site "Madrid ESP"]
[Date "2010.09.22"]
[Round "7.5"]
[White "Ortega Ruiz, Jose Miguel"]
[Black "Roa Alonso, Santiago"]
[Result "0-1"]
[WhiteElo "2278"]
[BlackElo "2454"]
[PlyCount "110"]
[EventDate "2010.09.16"]
[EventType "swiss"]
[EventRounds "9"]
[EventCountry "ESP"]
[Source "lmi"]
[SourceDate "2010.09.16"]

1. d4 Nf6 2. c4 e6 3. e3 d5 4. Nf3 c5 5. Nc3 Nc6 6. a3 cxd4 7. exd4 Be7 8. b4
a6 9. c5 Ne4 10. Bb2 O-O 11. Be2 f5 12. O-O Bd7 13. Na4 Bf6 14. Nb6 Rb8 15. Ne5
Be8 16. f3 Ng5 17. Nxc6 Bxc6 18. a4 Qe8 19. Qb3 Qg6 20. Kh1 Bd8 21. b5 axb5 22.
axb5 Be8 23. Na8 f4 24. Rf2 Qh5 25. Qd1 Rf6 26. Qg1 Nf7 27. g4 Qh4 28. Rg2 Ng5
29. Qf2 Qh3 30. Kg1 h5 31. Ra3 hxg4 32. Rxg4 Rf5 33. Qg2 Bh5 34. Qxh3 Nxh3+ 35.
Kg2 Bxg4 36. fxg4 f3+ 37. Bxf3 Nf4+ 38. Kg3 Rf8 39. b6 Ng6 40. Nc7 Bxc7+ 41.
bxc7 Rbc8 42. h4 Rxc7 43. h5 Nf4 44. Bc1 g5 45. hxg6 Nxg6 46. Bh6 Rb8 47. Bg5
Kg7 48. Ra7 Rf7 49. Bg2 b6 50. Bh6+ Kg8 51. Ra6 bxc5 52. Rxe6 Kh7 53. g5 Rb3+
54. Kh2 Rb2 55. Kg3 Rxg2+ 0-1

[Event "23. Open de Moratalaz 2010"]
[Site "Madrid ESP"]
[Date "2010.09.22"]
[Round "7.6"]
[White "Barez Menendez, Hector"]
[Black "Gomez Ledo, Roberto Carlos"]
[Result "1/2-1/2"]
[WhiteElo "2129"]
[BlackElo "2453"]
[PlyCount "59"]
[EventDate "2010.09.16"]
[EventType "swiss"]
[EventRounds "9"]
[EventCountry "ESP"]
[Source "lmi"]
[SourceDate "2010.09.16"]

1. Nf3 f5 2. d4 Nf6 3. g3 e6 4. Bg2 d5 5. O-O Bd6 6. c4 c6 7. b3 Qe7 8. Qc2 O-O
9. Bb2 Nbd7 10. Nbd2 Ne4 11. Ne5 Nxe5 12. dxe5 Bc5 13. Nf3 b6 14. e3 Bb7 15. a3
a5 16. Nd4 Rac8 17. f3 Ng5 18. cxd5 cxd5 19. Qd2 Nf7 20. Nc2 Qd7 21. Rfc1 a4
22. b4 Be7 23. f4 Ba6 24. e4 fxe4 25. Bxe4 Nh6 26. Bg2 Bc4 27. Nd4 Kh8 28. Bh3
Nf5 29. Nxf5 exf5 30. Bd4 1/2-1/2

[Event "23. Open de Moratalaz 2010"]
[Site "Madrid ESP"]
[Date "2010.09.22"]
[Round "7.7"]
[White "Garrido Dominguez, Jesus"]
[Black "Cardenas Serrano, Sergio"]
[Result "1-0"]
[WhiteElo "2410"]
[BlackElo "2136"]
[PlyCount "151"]
[EventDate "2010.09.16"]
[EventType "swiss"]
[EventRounds "9"]
[EventCountry "ESP"]
[Source "lmi"]
[SourceDate "2010.09.16"]

1. e4 e6 2. d4 d5 3. Nd2 Nf6 4. e5 Nfd7 5. Bd3 c5 6. c3 Nc6 7. Ne2 Qb6 8. Nf3
cxd4 9. cxd4 f6 10. exf6 Nxf6 11. O-O Bd6 12. Nc3 O-O 13. Re1 Bd7 14. a3 Rae8
15. Bg5 Kh8 16. Na4 Qc7 17. Rc1 Ng4 18. g3 Qb8 19. Be2 h6 20. Bd2 Nxd4 21. Nc5
Nxe2+ 22. Qxe2 Bc8 23. h3 Nxf2 24. Kxf2 Bxg3+ 25. Kg2 e5 26. Rf1 Qd6 27. Ng1
Qg6 28. Qd3 Qxd3 29. Rxf8+ Rxf8 30. Nxd3 Bh4 31. Bb4 Re8 32. Nf3 Bf6 33. Ndxe5
Bf5 34. Bc3 Kg8 35. Kg3 Rc8 36. Ng4 Bxg4 37. hxg4 Kf7 38. Kf2 Rc4 39. Kg3 b5
40. Nd2 Be5+ 41. Kh3 Rc8 42. Rf1+ Bf6 43. Nb3 a6 44. Rf5 Re8 45. Bxf6 gxf6 46.
Nd4 Re3+ 47. Kh4 Re5 48. Rf2 Kg6 49. Kg3 h5 50. gxh5+ Rxh5 51. Rc2 Re5 52. Rc6
Re3+ 53. Kf2 Rd3 54. Nf3 Rb3 55. Rc2 b4 56. Nd2 Rh3 57. axb4 Rh4 58. b5 axb5
59. Rc5 Rb4 60. b3 Rh4 61. Rxb5 d4 62. Nf3 Rf4 63. Kg3 Re4 64. Kf2 d3 65. Rd5
Re2+ 66. Kg3 Re3 67. Kf4 Re6 68. Rxd3 Rb6 69. Ke4 f5+ 70. Kd5 f4 71. Nd4 Kg5
72. Rd1 Rb8 73. Rg1+ Kf6 74. Rg4 Rd8+ 75. Ke4 Re8+ 76. Kxf4 1-0

[Event "23. Open de Moratalaz 2010"]
[Site "Madrid ESP"]
[Date "2010.09.22"]
[Round "7.8"]
[White "Elissalt Cardenas, Hector"]
[Black "Unciti Juan, Javier"]
[Result "1-0"]
[WhiteElo "2357"]
[BlackElo "2159"]
[PlyCount "41"]
[EventDate "2010.09.16"]
[EventType "swiss"]
[EventRounds "9"]
[EventCountry "ESP"]
[Source "lmi"]
[SourceDate "2010.09.16"]

1. d4 d5 2. c4 e6 3. Nc3 c5 4. cxd5 exd5 5. Nf3 Nc6 6. Be3 cxd4 7. Nxd4 Nf6 8.
g3 Be7 9. Bg2 O-O 10. O-O Be6 11. Qa4 Ne5 12. Nxe6 fxe6 13. Bh3 Kf7 14. Rad1 a6
15. Bd4 b5 16. Qc2 Qc7 17. Rc1 Rac8 18. Qb1 Nc6 19. Bxf6 Bxf6 20. e4 d4 21. Nd5
1-0